MARC details
| 000 -LEADER |
| fixed length control field |
03626cam a22004218i 4500 |
| 001 - CONTROL NUMBER |
| control field |
21948873 |
| 003 - CONTROL NUMBER IDENTIFIER |
| control field |
CSPC |
| 005 - DATE AND TIME OF LATEST TRANSACTION |
| control field |
20250904110139.0 |
| 008 - FIXED-LENGTH DATA ELEMENTS--GENERAL INFORMATION |
| fixed length control field |
210318s2021 nyu b 001 0 eng |
| 010 ## - LIBRARY OF CONGRESS CONTROL NUMBER |
| LC control number |
2021013051 |
| 020 ## - INTERNATIONAL STANDARD BOOK NUMBER |
| International Standard Book Number |
9780367694128 |
| Qualifying information |
(paperback) |
| 035 ## - SYSTEM CONTROL NUMBER |
| System control number |
21948873 |
| 040 ## - CATALOGING SOURCE |
| Original cataloging agency |
DLC |
| Language of cataloging |
eng |
| Description conventions |
rda |
| Transcribing agency |
DLC |
| Modifying agency |
CSPC |
| 042 ## - AUTHENTICATION CODE |
| Authentication code |
pcc |
| 050 00 - LIBRARY OF CONGRESS CALL NUMBER |
| Classification number |
HF1416 |
| Item number |
.G54 2021 |
| 082 00 - DEWEY DECIMAL CLASSIFICATION NUMBER |
| Classification number |
658.84 |
| Item number |
G412g |
| Edition number |
23 |
| 100 1# - MAIN ENTRY--PERSONAL NAME |
| Personal name |
Gillespie, Kate, |
| Relator term |
author. |
| 245 10 - TITLE STATEMENT |
| Title |
Global marketing / |
| Statement of responsibility, etc. |
Kate Gillespie and K. Scott Swan. |
| 250 ## - EDITION STATEMENT |
| Edition statement |
Fifth Edition. |
| 263 ## - PROJECTED PUBLICATION DATE |
| Projected publication date |
2109 |
| 264 #1 - PRODUCTION, PUBLICATION, DISTRIBUTION, MANUFACTURE, AND COPYRIGHT NOTICE |
| Place of production, publication, distribution, manufacture |
New York, NY ; |
| -- |
Abingdon, Oxon : |
| Name of producer, publisher, distributor, manufacturer |
Routledge, |
| Date of production, publication, distribution, manufacture, or copyright notice |
2022. |
| 300 ## - PHYSICAL DESCRIPTION |
| Extent |
xxv, 543 pages ; |
| Dimensions |
30 cm. |
| 336 ## - CONTENT TYPE |
| Content type term |
text |
| Content type code |
txt |
| Source |
rdacontent |
| 337 ## - MEDIA TYPE |
| Media type term |
unmediated |
| Media type code |
n |
| Source |
rdamedia |
| 338 ## - CARRIER TYPE |
| Carrier type term |
volume |
| Carrier type code |
nc |
| Source |
rdacarrier |
| 500 ## - GENERAL NOTE |
| General note |
Revised edition of Global marketing, [2015] |
| 504 ## - BIBLIOGRAPHY, ETC. NOTE |
| Bibliography, etc. note |
Includes bibliographical references and index. |
| 505 0# - FORMATTED CONTENTS NOTE |
| Formatted contents note |
Introduction to global marketing -- Part I. Understanding the global marketing environment -- The global economy -- Cultural and social forces -- Political and regulatory climate -- Part II. Analyzing global opportunities -- Global markets -- Global competitors -- Global marketing research -- Part III. Developing global participation strategies -- Global market participation -- Global market entry strategies -- Part IV. Designing global marketing programs -- Global product strategies -- Global strategies for services, brands, and social marketing -- Pricing for international and global markets -- Managing global distribution channels -- Global promotion strategies -- Managing global advertising -- Part V. Managing the global marketing effort -- Organizing for global marketing. |
| 520 ## - SUMMARY, ETC. |
| Summary, etc. |
"Strategic, comprehensive, and concise, the fifth edition of this popular textbook introduces students to the important concepts of global marketing today, and their managerial implications. Increasingly, marketing activities must be integrated at a global level. Yet, the enduring influence of culture requires marketers to adapt local strategies in light of cultural differences. Global Marketing takes a strategic approach, recognizing the need to address both the forces of globalization and those of localization. Key updates include: Extensive real-life examples and cases from developed and emerging markets, including Africa, Latin America and the Middle East; New topics such as digital distribution options, the participation of customers, and the rise of social media, including Twitter, Facebook and TikTok; Updated exploration of often overlooked topics, such as China's state-owned enterprises, the importance of diasporas as target markets, the threat of transnational criminal organizations to legitimate marketers, and new tensions among trading partners; A stronger recognition of the need for a growth mindset, value orientation, and innovation. Written in a student-friendly style, this fully updated new edition continues to be the textbook of choice for students of global marketing"-- |
| Assigning source |
Provided by publisher. |
| 650 #0 - SUBJECT ADDED ENTRY--TOPICAL TERM |
| Topical term or geographic name entry element |
Export marketing. |
| 650 #0 - SUBJECT ADDED ENTRY--TOPICAL TERM |
| Topical term or geographic name entry element |
Export marketing |
| General subdivision |
Management. |
| 700 1# - ADDED ENTRY--PERSONAL NAME |
| Personal name |
Swan, K. Scott, |
| Relator term |
author. |
| 776 08 - ADDITIONAL PHYSICAL FORM ENTRY |
| Relationship information |
Online version: |
| Main entry heading |
Gillespie, Kate, |
| Title |
Global marketing |
| Edition |
Fifth edition. |
| Place, publisher, and date of publication |
New York : Routledge, 2021. |
| International Standard Book Number |
9781003141709 |
| Record control number |
(DLC) 2021013052 |
| 906 ## - LOCAL DATA ELEMENT F, LDF (RLIN) |
| a |
7 |
| b |
cbc |
| c |
orignew |
| d |
1 |
| e |
ecip |
| f |
20 |
| g |
y-gencatlg |
| 942 ## - ADDED ENTRY ELEMENTS (KOHA) |
| Source of classification or shelving scheme |
Dewey Decimal Classification |
| Koha item type |
Books |
| Edition |
23 |
| Classification part |
658.84 |
| Item part |
G412g |
| Call number prefix |
GRD |
| Call number suffix |
2022 |
| Suppress in OPAC |
No |